| 000 | 00452nam a2200157 i 4500 | ||
|---|---|---|---|
| 001 | 101608 | ||
| 003 | ES-MaACL | ||
| 005 | 20230906182937.0 | ||
| 007 | t| | ||
| 008 | 051020s1965 sp ||||1| spa d | ||
| 100 | 1 |
_aMelado Prado, Manuel. _979882 |
|
| 245 | 1 | 0 |
_aPoemas de la vida misma / _cManuel Melado Prado. |
| 260 |
_aSevilla : _b[s.n.], _c1965 ( _fGráf. Sevillanas) |
||
| 300 |
_a46 p., 3 h. ; _c17 cm. |
||
| 852 |
_aES-MaACL _jC-27255 _bR.56373 |
||
| 999 |
_c101608 _d101608 |
||